| 000 | 01075cad a2200289 4500 | ||
|---|---|---|---|
| 008 | 101126n2003 000 0 eng u | ||
| 020 | _a0632064358 | ||
| 035 | _a(Sirsi) u120299 | ||
| 041 | _aeng | ||
| 050 |
_a690.072 _c18 |
||
| 100 | _aFellows, Richard F. | ||
| 245 | _aResearch methods for construction | ||
| 250 | _a2nd ed. | ||
| 260 |
_aOxford _bBlackwell Science _c2003 |
||
| 350 | _a17.99 | ||
| 520 | _aProvides guidance on research methodologies and methods with particular attention to applications in construction. Comprises three main sections: producing a proposal, executing the research and reporting the results. Discusses the main issues in research and examines the primary approaches - both qualitative and quantitative. | ||
| 650 | _aCONSTRUCTION INDUSTRY | ||
| 650 | _aCONSTRUCTION RESEARCH | ||
| 650 | _aDATA ANALYSIS | ||
| 650 | _aDATA COLLECTION | ||
| 650 | _aRESEARCH METHODS | ||
| 650 | _aQUANTITATIVE RESEARCH | ||
| 650 | _aQUALITATIVE RESEARCH | ||
| 690 | _aBUILT ENVIRONMENT | ||
| 700 |
_aLiu, Anita _eEditor |
||
| 942 | _n0 | ||
| 999 |
_c102510 _d102510 |
||